Szemle. Bezárkózás a nemzeti hagyományba. Komoróczy Géza: Bezárkózás a nenzeti hagyományba. Osiris kiadó, Budapest, 1995
Elmentve itt :
| Szerző: | |
|---|---|
| Adatforrás: | Meister |
| Forrásdokumentuma: | Látó. - 11 sz., 1996, 88-93 p. |
| Nyelv: | magyar |
| Kulcsszavak: | kisebbségtörténet-recenzió zsidók KOMORÓCZY Géza |
| LEADER | 00501nab a2200145 i 4500 | ||
|---|---|---|---|
| 001 | bibPRO00010239 | ||
| 008 | 060524s1996 xx hun | ||
| 040 | |a Sz1 | ||
| 041 | |a hun | ||
| 100 | 1 | |a MERNYEI Erzsébet | |
| 245 | 1 | 0 | |a Szemle. Bezárkózás a nemzeti hagyományba. Komoróczy Géza: Bezárkózás a nenzeti hagyományba. Osiris kiadó, Budapest, 1995 |c MERNYEI Erzsébet |
| 695 | |a kisebbségtörténet-recenzió | ||
| 695 | |a zsidók | ||
| 695 | |a KOMORÓCZY Géza | ||
| 773 | 0 | |t Látó. - |g 11 sz., 1996, 88-93 p. | |